000 00654nam a2200181 i 4500
001 89458
003 ES-MaACL
007 t|
008 050110s1968 sp ||||1| spa d
100 1 _aLangsdorf, Alexander S.
_970074
245 1 0 _aPrincipios de las máquinas de corriente continua /
_cAlexander S. Langsdorf ; traducido por Rafael Gómez de Ureta ; revisión técnica por Doroteo Sanguino Muñoz.
250 _a6ª ed.
260 _aMadrid :
_bEdiciones del Castillo,
_c[1968]
300 _aXV, 371 p. ;
_c24 cm.
700 1 _aGómez de Ureta, Rafael.
_957924
700 1 _aSanguino Muñoz, Doroteo.
_9103153
852 _aES-MaACL
_jE-7007
_bR.91597
999 _c89458
_d89458